Gentilés des capitales d'Europe - Statistiques

Statistiques générales
  • Ce quiz a été pris 168 fois
  • Le résultat moyen est 26 sur 45
Statistiques - réponses
Capitale Gentilé % Correct
Berlin Berlinois
98%
Paris Parisien
98%
Bruxelles Bruxellois / Brusseleir
94%
Berne Bernois
93%
Londres Londonien
92%
Rome Romain
91%
Luxembourg Luxembourgeois
90%
Monaco Monégasque
90%
Dublin Dublinois
88%
Athènes Athénien
87%
Vienne Viennois
84%
Lisbonne Lisboète / Lisbonnin / Lisbonnais
83%
Madrid Madrilène
80%
Moscou Moscovite
79%
Bucarest Bucarestois
74%
Prague Pragois / Praguois
73%
Budapest Budapestois
72%
Belgrade Belgradois
67%
Varsovie Varsovien
67%
Zagreb Zagrébois
66%
Andorre-la-Vieille Andorran / Andorrà
65%
Vatican Vaticanais
62%
Kiev Kievien / Kiévien
59%
Tallinn Tallinnois
59%
Minsk Minskois
55%
Bratislava Bratislavien
54%
Copenhague Copenhagois / Copenhaguois
53%
Pristina Pristinois
51%
Tirana Tiranais
51%
Vaduz Vaduzien
51%
Helsinki Helsinkien / Helsingforsare
49%
Saint-Marin Saint-Marinais / San-Marinais
46%
Riga Rigois / Riganais
45%
Stockholm Stockholmois
44%
Sarajevo Sarajévien
39%
Reykjavik Reykjavikois
33%
Pogorica Podgoricien
22%
Amsterdam Amstellodamois / Amstellodamien
21%
Ljubljana Ljubljanais
21%
Oslo Osloïte / Oslovien
21%
Sofia Sofiote / Sofijanci
16%
La Valette Valettin / Vallettan / Beltin
13%
Vilnius Vilnois
6%
Chișinău Chisinéen / Chisinovien
3%
Skopje Skopiote
2%
Aucun quiz correspondant
Distribution des résultats
% des personnes avec chaque résultat
Percentile par nombre de réponses
Votre historique - résultats
Vous n’avez pas pris ce quiz